000 00383nam a22001577a 4500
005 20200529115535.0
008 200529b xxu||||| |||| 00| 0 eng d
041 _aeng
082 _a340
100 _aBARE ACT
_95744
245 _aTHE PAYMENTS OF BONUS ACT, 1965 (21-1965)
260 _aDELHI
_bPROFESSIONAL BOOK PUBLISHERS
300 _a47;p
650 _aLAW
_95701
942 _cBK
999 _c6613
_d6611